| 000 | 00550nam a2200193 a 4500 | ||
|---|---|---|---|
| 001 | 6890 | ||
| 003 | CO-ViMGA | ||
| 008 | 141112s2004 ck r 000 u spa d | ||
| 040 |
_aCO-ViMGA _bspa _cCO-ViMGA |
||
| 082 | 0 | 4 | _aR635.7 V455 |
| 100 | 1 |
_aVillarios Moradillo, Jose Luis _95890 |
|
| 245 | 1 | 0 | _aAtlas de malas hierbas |
| 250 | _a2a | ||
| 260 |
_aMadrid : _bMundi - prensa, _c1992 |
||
| 300 | _a2 v : il | ||
| 500 | _aContenido : V.1, Control de malas hierbas; V.2, Guía aplicada de hervicidas. | ||
| 650 | 1 | 4 |
_aHIERBAS _95891 |
| 942 |
_2ddc _cBK |
||
| 999 |
_c18858 _d18858 |
||